The Ultimate Bible Quiz P1 - Statistics

General Stats
  • This quiz has been taken 49 times
  • The average score is 9 of 15
Answer Stats
Question Answer % Correct
What is the first book of the Bible? Genesis
98%
Who wrote the book of Revelation? John
95%
Where was Jesus born? Bethlehem
90%
Where did Sampson get his power from? His hair
85%
What did God change Jacob's name to? Israel
80%
How many chapters are in the book of Psalms? 150
65%
How many years did Methuselah live for? 969
65%
Who wrote the book of Acts? Luke
63%
Romans 10: 9 "If you declare with your mouth, “_____ __ ____,” and believe in your heart that God raised him from the dead, you will be saved. Jesus is Lord
50%
What is the name of the island where John wrote the book of Revelation? Patmos
50%
Who was the first martyr of Christ? Stephen
50%
Proverbs 3:16 "In all your ways acknowledge him, and he will make your_____ ________." paths straight
38%
What is the longest chapter in the Bible? Psalm 119
28%
Matthew 5:8 "Blessed are the ____ __ _____, for they will see God." pure in heart
20%
What was the name of the city founded by Cain after he left God's presence? Enoch
15%
No matching quizzes found
Score Distribution
Percent of People with Each Score
Percentile by Number Answered
Your Score History
You have not taken this quiz